[Event "Commonwealth-ch"]
[Site "Sangli"]
[Date "2000.??.??"]
[Round "2"]
[White "Ramaswamy, Aarthie"]
[Black "Khadilkar, LP."]
[Result "1-0"]
[WhiteElo "2219"]
[BlackElo "2134"]
[PlyCount "77"]
[EventDate "2000.??.??"]
[EventType "swiss"]
[EventRounds "11"]
[EventCountry "IND"]
[SourceTitle "EXT 2001"]
[Source "ChessBase"]
[SourceDate "2000.11.22"]
[SourceVersion "1"]
[SourceVersionDate "2000.11.22"]
[SourceQuality "1"]

1. e4 e5 2. Nf3 Nc6 3. Bb5 a6 4. Ba4 Nf6 5. 0-0 Be7 6. Re1 b5 7. Bb3 0-0 8. h3 d6 9. c3 Na5 10. Bc2 c5 11. d4 Qc7 12. Nbd2 Bd7 13. d5 Ne8 14. Nf1 g6 15. N3h2 Ng7 16. Ng3 Rae8 17. Ng4 Nb7 18. Qf3 f6 19. Nh6+ Kh8 20. b3 Nd8 21. Qe2 Nf7 22. h4 Nxh6 23. Bxh6 Qc8 24. h5 gxh5 25. Bxg7+ Kxg7 26. Qxh5 Kh8 27. Nf5 Bxf5 28. exf5 Rg8 29. Qf3 Rg5 30. g3 Reg8 31. Kg2 R8g7 32. Rh1 Kg8 33. Rh4 c4 34. bxc4 bxc4 35. Qe2 Qb7 36. Rxc4 Qxd5+ 37. Be4 Qa5 38. Rc8+ Bd8 39. Qc4+ 1-0